[Event "Cologne op"]
[Site "Cologne"]
[Date "1997.04.02"]
[Round "5"]
[White "Hubert, Ralf"]
[Black "Schoen, Wolfram"]
[Result "1-0"]
[WhiteElo "2355"]
[BlackElo "2420"]
[PlyCount "83"]
[EventDate "1997.03.29"]
[Source "www.chesslib.no"]
[SourceDate "2004.05.04"]

1. d4 Nf6 2. c4 g6 3. Nc3 d5 4. cxd5 Nxd5 5. Nf3 Bg7 6. Bd2 Nb6 7. e3 O-O 8. Rc1 Nc6 9. Bb5 Bd7 10. Ne4 e5 11. Nc5 Nxd4 12. Nxd7 Nxf3+ 13. Qxf3 Nxd7 14. Qxb7 a6 15. Ba4 e4 16. Qxe4 Bxb2 17. Rc2 Bg7 18. O-O Nc5 19. Rxc5 Qxd2 20. Bb3 Qd6 21. Rc6 Qe5 22. Qc4 Rae8 23. Rxc7 Re7 24. Rxe7 Qxe7 25. Qxa6 Be5 26. g3 Rd8 27. Rd1 Rxd1+ 28. Bxd1 Qc7 29. Kg2 Kg7 30. Bb3 Bc3 31. Qb5 h6 32. Qd5 h5 33. h4 Kg8 34. Qc4 Qb7+ 35. Kg1 Bf6 36. a4 Bd8 37. Qd3 Qb6 38. a5 Qf6 39. a6 Bb6 40. Qd5 Kg7 41. Qb7 Bc5 42. Kg2 1-0

[Event "World Open"]
[Site "Philadelphia, PA USA"]
[Date "1995.??.??"]
[Round "9"]
[White "Remlinger, Larry"]
[Black "Lapshun, Yury"]
[Result "1-0"]
[WhiteElo "2465"]
[BlackElo "2305"]
[PlyCount "75"]
[EventDate "1995.06.??"]
[Source "www.chesslib.no"]
[SourceDate "2004.05.04"]

1. d4 Nf6 2. c4 g6 3. Nc3 d5 4. cxd5 Nxd5 5. Nf3 Bg7 6. Qb3 Nxc3 7. bxc3 c5 8. e3 O-O 9. Be2 Nc6 10. O-O cxd4 11. cxd4 e5 12. Ba3 Re8 13. dxe5 Nxe5 14. Rad1 Qf6 15. Nd4 a6 16. Rc1 b5 17. Rc7 Qb6 18. Rfc1 Bb7 19. f4 Nc4 20. R1xc4 Bd5 21. R4c6 Qxc6 22. Nxc6 Bxb3 23. axb3 Rxe3 24. Bf3 Rae8 25. Bd5 Re1+ 26. Kf2 R1e2+ 27. Kf3 R8e3+ 28. Kg4 h5+ 29. Kg5 Kh7 30. Rxf7 Rd2 31. Bf3 Kg8 32. Ra7 Re6 33. Ne7+ Kh7 34. Nd5 Kg8 35. Be7 Kh8 36. Nf6 Bxf6+ 37. Bxf6+ Kg8 38. Kxg6 1-0

[Event "Dortmund Open"]
[Site "Dortmund GER"]
[Date "1988.??.??"]
[Round "?"]
[White "Witke, Thomas"]
[Black "Kirov, Nino"]
[Result "0-1"]
[WhiteElo "2300"]
[BlackElo "2470"]
[PlyCount "58"]
[EventDate "1988.03.??"]
[Source "www.chesslib.no"]
[SourceDate "2004.05.04"]

1. c4 Nf6 2. Nc3 d5 3. cxd5 Nxd5 4. Nf3 g6 5. d4 Bg7 6. Qb3 Nb6 7. Bg5 h6 8. Bh4 O-O 9. e3 a5 10. Rd1 a4 11. Qc2 Nc6 12. Nb5 Be6 13. d5 Nxd5 14. Qc5 a3 15. bxa3 Ra4 16. Be2 Ne5 17. Bg3 Nxf3+ 18. Bxf3 c6 19. Nd4 Bxd4 20. Rxd4 Qa5+ 21. Qxa5 Rxa5 22. e4 Nc3 23. Rb4 b5 24. Bf4 g5 25. Bd2 Rxa3 26. h4 g4 27. Bd1 Rd8 28. Bxc3 Rxc3 29. O-O Bc4 0-1

[Event "Wellington"]
[Site "Wellington"]
[Date "1988.??.??"]
[Round "?"]
[White "Ker, Anthony F"]
[Black "Small, Vernon A"]
[Result "0-1"]
[WhiteElo "2410"]
[BlackElo "2355"]
[PlyCount "140"]
[EventDate "1988.03.??"]
[Source "ChessBase"]

1. d4 Nf6 2. c4 g6 3. Nc3 d5 4. cxd5 Nxd5 5. Nf3 Bg7 6. Qb3 Nxc3 7. bxc3 O-O 8. Ba3 Nd7 9. e3 c5 10. Be2 b6 11. O-O Nf6 12. Rad1 Qc7 13. Ne5 Be6 14. Bc4 Bxc4 15. Qxc4 Rac8 16. Rc1 Ne4 17. Qd5 Nd2 18. Rfd1 Bxe5 19. Rxd2 cxd4 20. Rxd4 Bxd4 21. exd4 Qc4 22. Qf3 Rfe8 23. Qh3 Qxa2 24. Bxe7 Qe6 25. Qxe6 fxe6 26. Bd6 Rc6 27. Bf4 b5 28. Ra1 Re7 29. Bd2 Rd7 30. Be1 a6 31. Kf1 b4 32. cxb4 Rxd4 33. Rb1 Rd5 34. Ra1 Kf7 35. Rb1 Ke7 36. h4 Kd7 37. g3 Kc7 38. Kg2 Rc2 39. Ra1 Kb6 40. Kf3 Rd4 41. Kg2 e5 42. Kf3 Rb2 43. Rc1 Rb3+ 44. Kg2 Rd5 45. Ra1 e4 46. Kf1 Rb2 47. Rc1 Kb5 48. Ra1 Rf5 49. Kg1 Rc2 50. Ra5+ Kb6 51. Ra1 Rd5 52. Kf1 Rd3 53. Kg1 Rd6 54. Kf1 Kb5 55. Kg1 Kc4 56. Rb1 Rd3 57. Kf1 e3 58. fxe3 Rxe3 59. Rd1 Rf3+ 60. Kg1 Re2 61. Rc1+ Kb5 62. Rc5+ Kb6 63. Rc1 h5 64. Rd1 Kc6 65. Rc1+ Kd5 66. Rd1+ Ke4 67. Ra1 Kf5 68. Rc1 Kg4 69. Rc4+ Kh3 70. Rc1 Rg2+ 0-1

[Event "RUS-ch sf"]
[Site "Arkhangelsk"]
[Date "1996.??.??"]
[Round "?"]
[White "Vekshenkov, Nikolai"]
[Black "Semeniuk, Alexander A"]
[Result "1/2-1/2"]
[WhiteElo "2340"]
[BlackElo "2415"]
[PlyCount "22"]
[EventDate "1996.??.??"]
[Source "www.chesslib.no"]
[SourceDate "2004.05.04"]

1. d4 Nf6 2. c4 g6 3. Nc3 d5 4. cxd5 Nxd5 5. Bd2 Bg7 6. Nf3 c5 7. Nxd5 Qxd5 8. Bc3 cxd4 9. Bxd4 Bxd4 10. Qxd4 Qxd4 11. Nxd4 Bd7 1/2-1/2

[Event "Thessaloniki ol (Men)"]
[Site "Thessaloniki GRE"]
[Date "1988.??.??"]
[Round "2"]
[White "Ker, Anthony F"]
[Black "Ghinda, Mihail-Viorel"]
[Result "0-1"]
[WhiteElo "2295"]
[BlackElo "2455"]
[PlyCount "132"]
[EventDate "1988.11.??"]
[Source "www.chesslib.no"]
[SourceDate "2004.05.04"]

1. d4 Nf6 2. c4 g6 3. Nc3 d5 4. cxd5 Nxd5 5. Nf3 Bg7 6. Qb3 Nxc3 7. bxc3 c5 8. Ba3 cxd4 9. cxd4 Nc6 10. e3 Qa5+ 11. Nd2 O-O 12. Rc1 Be6 13. Qb2 Qd5 14. Nb3 Rfc8 15. Rc5 Qd8 16. Be2 b6 17. Rc1 Bd5 18. O-O e5 19. dxe5 Qg5 20. g3 Qxe5 21. Qxe5 Nxe5 22. f3 Nc4 23. Bxc4 Bxc4 24. Rf2 Be6 25. Rd2 Rxc1+ 26. Bxc1 a5 27. Kf2 b5 28. Bb2 Bf8 29. Bd4 Rc8 30. Bf6 Bb4 31. Rb2 Ba3 32. Rd2 a4 33. Nd4 Bc1 34. Re2 Bd7 35. Be7 f5 36. Rc2 Bxe3+ 37. Kxe3 Re8 38. Rb2 Rxe7+ 39. Kf4 h6 40. h4 Kf7 41. Nxb5 Kf6 42. g4 g5+ 43. hxg5+ hxg5+ 44. Kg3 f4+ 45. Kf2 Re3 46. Nd6 a3 47. Rb6 Ke7 48. Ra6 Rc3 49. Ne4 Rc2+ 50. Ke1 Rxa2 51. Ra7 Kd8 52. Ra8+ Kc7 53. Ra7+ Kc6 54. Kd1 Bc8 55. Kc1 Kb6 56. Ra4 Ra1+ 57. Kc2 Bd7 58. Rb4+ Ka5 59. Rb1 Ba4+ 60. Kc1 Ra2 61. Rb7 Rg2 62. Ra7+ Kb4 63. Rb7+ Bb5 64. Nd6 a2 65. Ra7 Ba4 66. Rb7+ Kc5 0-1

[Event "Premier League"]
[Site "?"]
[Date "2004.09.25"]
[Round "1"]
[White "Govedarica Radovan"]
[Black "Dimitrijevic Aleksandra"]
[Result "1-0"]
[WhiteElo "2440"]
[BlackElo "2292"]
[PlyCount "125"]
[EventDate "2004.??.??"]
[Source "www.chesslib.no"]
[SourceDate "2004.05.04"]

1. d4 d5 2. c4 c6 3. cxd5 cxd5 4. Nc3 Nc6 5. Nf3 Nf6 6. Bf4 g6 7. e3 Bg7 8. h3 O-O 9. Bb5 Na5 10. O-O a6 11. Be2 b5 12. b4 Nc4 13. a4 Bd7 14. a5 Rc8 15. Rc1 Bc6 16. Ne5 Bb7 17. Bf3 Nxe5 18. Bxe5 Ne4 19. Bxg7 Nxc3 20. Qd3 Kxg7 21. Rxc3 Rc4 22. Rb3 Qd6 23. Qb1 Bc8 24. g4 Bb7 25. Be2 Rc7 26. Rc1 Rfc8 27. Rc5 Rxc5 28. bxc5 Qc7 29. Qe1 e5 30. Bf3 Re8 31. dxe5 Rxe5 32. Qc3 f6 33. Rb1 Bc6 34. Rd1 Qe7 35. Bg2 h5 36. Rd4 h4 37. Kf1 g5 38. Bf3 Kh6 39. Kg1 f5 40. gxf5 Rxf5 41. Bg4 Rf8 42. e4 Rd8 43. exd5 Rxd5 44. Rxd5 Bxd5 45. f4 gxf4 46. c6 Bc4 47. Bf3 Kg5 48. Kg2 Kh6 49. Qd4 Qg5+ 50. Kh1 Qg3 51. Qf6+ Kh7 52. Qf5+ Kg7 53. Qg4+ Kf6 54. Qxg3 fxg3 55. c7 Be6 56. Bg4 Bd5+ 57. Kg1 Bb7 58. c8=Q Bxc8 59. Bxc8 b4 60. Bxa6 Ke6 61. Bc4+ Kd6 62. a6 b3 63. a7 1-0

[Event "NZL Ch"]
[Site "Dunedin NZL"]
[Date "1988.??.??"]
[Round "?"]
[White "Ker, Anthony F"]
[Black "Garbett, Paul A"]
[Result "1-0"]
[WhiteElo "2410"]
[BlackElo "2285"]
[PlyCount "111"]
[EventDate "1988.??.??"]
[Source "www.chesslib.no"]
[SourceDate "2004.05.04"]

1. d4 Nf6 2. c4 g6 3. Nc3 d5 4. cxd5 Nxd5 5. Nf3 Bg7 6. Qb3 Nxc3 7. bxc3 O-O 8. e3 c5 9. Be2 b6 10. Ba3 Qc7 11. O-O Nd7 12. e4 Bb7 13. e5 e6 14. Rfe1 Rfc8 15. Nd2 Bh6 16. Rad1 a6 17. Bf1 cxd4 18. cxd4 Qc2 19. Nc4 Qxb3 20. axb3 Bd5 21. Rb1 b5 22. Ne3 Be4 23. Ra1 Bb7 24. Bb4 Bf8 25. Ba5 Nb8 26. Rec1 Nc6 27. Bb6 Bh6 28. g3 Bxe3 29. fxe3 Ne7 30. Bc5 Nf5 31. Kf2 h5 32. h3 h4 33. g4 Ng3 34. Bg2 Ne4+ 35. Bxe4 Bxe4 36. b4 Rc6 37. Be7 Rac8 38. Rc5 Rxc5 39. dxc5 Rc7 40. Bxh4 Rd7 41. Rxa6 f5 42. Rxe6 fxg4 43. hxg4 Rd2+ 44. Kg3 Rb2 45. Rd6 Rxb4 46. e6 g5 47. Bxg5 Rc4 48. Rd8+ Kg7 49. e7 Bg6 50. e8=Q Bxe8 51. Rxe8 Rxc5 52. Kf4 Rc1 53. Re7+ Kg6 54. Re6+ Kf7 55. Rb6 Rb1 56. Kf5 1-0

[Event "Voronezh op 3rd"]
[Site "Voronezh"]
[Date "1999.??.??"]
[Round "7"]
[White "Vnukov, Anatolij"]
[Black "Kachar, Vladimir"]
[Result "1/2-1/2"]
[WhiteElo "2305"]
[BlackElo "2390"]
[PlyCount "126"]
[EventDate "1999.06.??"]
[Source "www.chesslib.no"]
[SourceDate "2004.05.04"]

1. d4 Nf6 2. c4 g6 3. Nc3 d5 4. cxd5 Nxd5 5. Bd2 Bg7 6. Nf3 Nb6 7. Bg5 h6 8. Bh4 Be6 9. e3 c6 10. Rc1 N8d7 11. Be2 Nc4 12. b3 Nd6 13. e4 f5 14. exf5 Nxf5 15. Bc4 Nf8 16. Bd3 Nxd4 17. O-O Bg4 18. Re1 Bxf3 19. gxf3 g5 20. Bg3 Qd7 21. Be4 Bf6 22. Qd3 Kf7 23. f4 g4 24. Rcd1 Rd8 25. Qc4+ Kg7 26. f5 Nh7 27. Kh1 Ng5 28. Re3 Qc8 29. Rde1 Rhe8 30. h4 gxh3 31. Ne2 Nxf5 32. Bxf5 Qxf5 33. Nf4 Kf8 34. Qe2 Rd7 35. Qh5 Red8 36. Qxh6+ Kg8 37. Qh5 Qh7 38. Qg4 Kh8 39. Nh5 Rd4 40. Nxf6 Rxg4 41. Nxh7 Nxh7 42. Rxe7 Ng5 43. R1e3 Rd2 44. a4 Kg8 45. Kh2 Rb4 46. Rc7 Re4 47. Rxe4 Nxe4 48. Kxh3 Rd3 49. Rxb7 Nxf2+ 50. Kh4 Ne4 51. Be5 Nc5 52. Rxa7 Nxb3 53. Kg5 Rd5 54. Kf6 Nc5 55. Ra8+ Kh7 56. Bb2 Rd6+ 57. Kf7 Rd7+ 58. Ke8 Rb7 59. Bd4 Nb3 60. Bc3 Kg6 61. Ra6 Kf5 62. Rxc6 Ra7 63. Rc4 Ke6 1/2-1/2

[Event "New York op"]
[Site "New York"]
[Date "1990.??.??"]
[Round "4"]
[White "Kumaran, Dharshan"]
[Black "Janjgava, Lasha"]
[Result "1/2-1/2"]
[WhiteElo "2230"]
[BlackElo "2455"]
[PlyCount "55"]
[EventDate "1990.04.??"]
[Source "ChessBase"]

1. d4 Nf6 2. c4 g6 3. Nc3 d5 4. cxd5 Nxd5 5. Nf3 Bg7 6. Qb3 Nxc3 7. bxc3 c5 8. e3 O-O 9. Be2 Nc6 10. O-O Na5 11. Qb5 Qc7 12. Ba3 b6 13. Rac1 Bf5 14. dxc5 Bd7 15. Qb4 Rfc8 16. cxb6 axb6 17. Nd4 Bf8 18. Nb5 Bxb5 19. Qxb5 Nc6 20. Bb4 Nxb4 21. Qxb4 Rxa2 22. Bf3 Ra6 23. Qb5 Ra5 24. Qb3 Rc5 25. Be2 Bg7 26. Rb1 b5 27. Bxb5 Rxc3 28. Qa4 1/2-1/2

[Event "Oberliga Ost A9899"]
[Site "GER"]
[Date "1999.??.??"]
[Round "?"]
[White "Fuhrmann, Daniel"]
[Black "Roeber, Bjoern"]
[Result "0-1"]
[WhiteElo "2315"]
[BlackElo "2325"]
[PlyCount "42"]
[EventDate "1998.??.??"]
[Source "www.chesslib.no"]
[SourceDate "2004.05.04"]

1. d4 Nf6 2. c4 g6 3. Nc3 d5 4. cxd5 Nxd5 5. Bd2 Bg7 6. Nf3 O-O 7. Rc1 b6 8. e4 Nxc3 9. Bxc3 e6 10. Bb4 Re8 11. Bb5 c6 12. Be2 a5 13. Ba3 Bb7 14. e5 Na6 15. Bd6 Bh6 16. Rc4 Nb4 17. a3 Nd5 18. g3 Ne7 19. a4 Nf5 20. Ba3 b5 21. g4 Nh4 0-1

[Event "CRO Team Ch"]
[Site "Makarska Tucepi"]
[Date "1995.??.??"]
[Round "?"]
[White "Bozinovic, Bogdan"]
[Black "Sale, Srdjan"]
[Result "0-1"]
[WhiteElo "2245"]
[BlackElo "2390"]
[PlyCount "82"]
[EventDate "1995.??.??"]
[Source "www.chesslib.no"]
[SourceDate "2004.05.04"]

1. d4 Nf6 2. c4 g6 3. Nc3 d5 4. cxd5 Nxd5 5. Nf3 Bg7 6. Bd2 O-O 7. Rc1 Nc6 8. Bg5 h6 9. Bh4 Nxc3 10. bxc3 Qd5 11. Rc2 e5 12. e3 Bg4 13. Be2 e4 14. Nd2 Bxe2 15. Qxe2 f5 16. Bg3 g5 17. f3 exf3 18. gxf3 Rae8 19. Bf2 b5 20. O-O a6 21. Nb3 g4 22. c4 gxf3 23. cxd5 fxe2 24. Re1 Nb4 25. Rxc7 f4 26. Rxe2 fxe3 27. Bg3 Nxd5 28. Ra7 Nc3 29. Re1 Nxa2 30. Rxa6 Nb4 31. Rg6 Kh7 32. Rxg7+ Kxg7 33. Bd6 Rf2 34. Be5+ Kh7 35. Rxe3 Rb2 36. Nc5 Ra8 37. Re1 Ra7 38. Kh1 Nc6 39. Bg3 Nxd4 40. Nd3 Rd2 41. Nf4 Nf3 0-1

[Event "BRA Ch 61st"]
[Site "Brazil"]
[Date "1995.??.??"]
[Round "10"]
[White "Fernandez, Rodrigo Amaral"]
[Black "Correa, Aron A"]
[Result "1/2-1/2"]
[WhiteElo "2285"]
[BlackElo "2345"]
[PlyCount "81"]
[EventDate "1995.??.??"]
[Source "www.chesslib.no"]
[SourceDate "2004.05.04"]

1. d4 Nf6 2. c4 g6 3. Nc3 d5 4. cxd5 Nxd5 5. Nf3 Bg7 6. Qb3 Nb6 7. Bf4 O-O 8. Rd1 c6 9. e4 Bg4 10. Be2 N8d7 11. h3 Bxf3 12. Bxf3 e5 13. dxe5 Qc7 14. O-O Nxe5 15. Be2 Nf3+ 16. Bxf3 Qxf4 17. Rd3 Rfd8 18. Rfd1 Rxd3 19. Rxd3 Qc1+ 20. Rd1 Qg5 21. g3 h5 22. h4 Qc5 23. Ne2 Be5 24. Rc1 Qa5 25. Rd1 Re8 26. Kg2 Re7 27. Nc1 Na4 28. Nd3 Nc5 29. Nxc5 Qxc5 30. Rd2 Kg7 31. Qd3 Re6 32. b3 Qb4 33. Qc2 a5 34. Rd7 b5 35. Be2 Bd4 36. Bd3 Rf6 37. f4 Rd6 38. Rxd6 Qxd6 39. e5 Qb4 40. Qe2 Qc3 41. Be4 1/2-1/2

[Event "NED-chT"]
[Site "?"]
[Date "2000.04.30"]
[Round "8"]
[White "Konings Leon"]
[Black "Peelen Piet"]
[Result "1-0"]
[WhiteElo "2255"]
[BlackElo "2374"]
[PlyCount "73"]
[EventDate "2000.??.??"]
[Source "www.chesslib.no"]
[SourceDate "2004.05.04"]

1. d4 Nf6 2. c4 g6 3. Nc3 d5 4. cxd5 Nxd5 5. Nf3 Bg7 6. Qb3 Nb6 7. e4 O-O 8. Be2 Bg4 9. d5 c6 10. Be3 cxd5 11. exd5 N8d7 12. h3 Bxf3 13. Bxf3 Rc8 14. Rd1 Nc4 15. Bd4 Qa5 16. Bxg7 Kxg7 17. O-O Nxb2 18. Qxb2 Qxc3 19. Qxb7 Rc7 20. Qa6 Ne5 21. Be2 Rb8 22. d6 exd6 23. Rxd6 Rb2 24. a4 Qc2 25. Bb5 Rb1 26. Rd5 Nc6 27. Rd6 Ne5 28. Rd8 Rxf1+ 29. Bxf1 Qc5 30. Qe2 Re7 31. Qb2 Re6 32. Qb8 Rf6 33. Rg8+ Kh6 34. Qb2 Rb6 35. Qd2+ Kh5 36. Be2+ Kh4 37. Qh6# 1-0

[Event "CUB-ch U18"]
[Site "?"]
[Date "1998.??.??"]
[Round "6"]
[White "Olivera Joan"]
[Black "Otero Diasmany"]
[Result "0-1"]
[WhiteElo "2285"]
[BlackElo "2330"]
[PlyCount "114"]
[EventDate "1998.??.??"]
[Source "www.chesslib.no"]
[SourceDate "2004.05.04"]

1. d4 d5 2. c4 c6 3. Nc3 Nf6 4. cxd5 cxd5 5. Nf3 Nc6 6. Bf4 g6 7. e3 Bg7 8. Bd3 O-O 9. Rc1 Bg4 10. h3 Bxf3 11. Qxf3 e6 12. O-O Nh5 13. Bh2 f5 14. Bb1 f4 15. Rfd1 Rc8 16. Ne2 e5 17. dxe5 Nxe5 18. Qxd5+ Qxd5 19. Rxd5 Rxc1+ 20. Nxc1 fxe3 21. Rxe5 Bxe5 22. Bxe5 Rxf2 23. Bd4 Nf4 24. Bxe3 Rxg2+ 25. Kf1 Rxb2 26. Be4 g5 27. Bxf4 gxf4 28. Nd3 Rb1+ 29. Kf2 Kg7 30. Bd5 Kf6 31. Nxf4 Ke5 32. Kg3 Rg1+ 33. Bg2 b5 34. Nd3+ Kd4 35. Nb4 Kc3 36. Na6 b4 37. h4 h6 38. h5 Rd1 39. Nc5 Kb2 40. Bf3 Rd4 41. Nb3 Rd6 42. Be2 Kxa2 43. Na5 b3 44. Bc4 Rb6 45. Nxb3 Rxb3+ 46. Kf4 Ka3 47. Bxb3 Kxb3 48. Kf5 a5 49. Kg6 a4 50. Kxh6 a3 51. Kg7 a2 52. h6 a1=Q+ 53. Kg8 Qa8+ 54. Kg7 Qb7+ 55. Kg8 Qc8+ 56. Kg7 Qd7+ 57. Kg8 Qd8+ 0-1

[Event "Sarospatak Open"]
[Site "Sarospatak"]
[Date "1994.??.??"]
[Round "?"]
[White "Priehoda, Vitezslav"]
[Black "Menyhart, Tibor"]
[Result "1/2-1/2"]
[WhiteElo "2400"]
[BlackElo "2215"]
[PlyCount "70"]
[EventDate "1994.??.??"]
[Source "www.chesslib.no"]
[SourceDate "2004.05.04"]

1. d4 Nf6 2. c4 g6 3. Nc3 d5 4. cxd5 Nxd5 5. Nf3 Bg7 6. Bd2 O-O 7. Rc1 c6 8. Bg5 Qa5 9. Qd2 Nxc3 10. bxc3 Re8 11. e3 Bg4 12. c4 Qxd2+ 13. Nxd2 e5 14. d5 h6 15. Bh4 g5 16. Bg3 f5 17. f3 Bh5 18. e4 fxe4 19. Nxe4 Rd8 20. Nc5 Bf8 21. Ne6 Bb4+ 22. Kf2 Rd7 23. Bxe5 Na6 24. Be2 cxd5 25. cxd5 Rxd5 26. Bc3 Bxc3 27. Rxc3 Bf7 28. Bxa6 bxa6 29. Nc5 Rd2+ 30. Kg3 Rxa2 31. Ne4 Rb8 32. h4 Rbb2 33. hxg5 Rxg2+ 34. Kf4 hxg5+ 35. Nxg5 Ra4+ 1/2-1/2

[Event "World op"]
[Site "Philadelphia"]
[Date "1998.06.28"]
[Round "2"]
[White "Privman, Boris"]
[Black "Lapshun, Yury"]
[Result "0-1"]
[WhiteElo "2260"]
[BlackElo "2350"]
[PlyCount "118"]
[EventDate "1998.06.27"]
[Source "www.chesslib.no"]
[SourceDate "2004.05.04"]

1. d4 Nf6 2. c4 g6 3. Nc3 d5 4. cxd5 Nxd5 5. Nf3 Bg7 6. Qb3 Nxc3 7. bxc3 c5 8. e3 Nd7 9. Be2 O-O 10. O-O Qc7 11. e4 e5 12. d5 Nf6 13. Qc4 Ne8 14. Be3 b6 15. Nd2 Nd6 16. Qb3 f5 17. f3 f4 18. Bf2 Bd7 19. a4 g5 20. Bb5 Bxb5 21. axb5 c4 22. Qb4 Rfc8 23. Ra6 Bf8 24. Qa4 Rcb8 25. Ra1 Rb7 26. Nb1 g4 27. Nd2 gxf3 28. gxf3 Be7 29. Kf1 Kf7 30. Ke2 h5 31. Rg1 Rg8 32. Rxg8 Kxg8 33. Kd1 Kf7 34. Kc2 Ke8 35. Kb2 Kd8 36. Nb1 Qd7 37. Na3 Qh3 38. Rxa7 Qxh2 39. Qc2 Kc8 40. Bxb6 Qxc2+ 41. Kxc2 Rxa7 42. Bxa7 h4 43. Bg1 h3 44. Nb1 Nxb5 45. Nd2 Bc5 46. Bh2 Nd6 47. Kd1 Kb7 48. Ke2 Kb6 49. Kd1 Kb5 50. Nf1 Nf7 51. Ke2 Nh8 52. Nd2 Ng6 53. Kd1 Nh4 54. Ke2 Ng2 55. Kd1 Ne3+ 56. Kc1 Ba3+ 57. Kb1 Kb6 58. Bg1 Kc7 59. Ka2 Bc1 0-1

[Event "New York op"]
[Site "New York"]
[Date "1990.??.??"]
[Round "8"]
[White "Kumaran, Dharshan"]
[Black "Saidy, Anthony Fred"]
[Result "0-1"]
[WhiteElo "2230"]
[BlackElo "2380"]
[PlyCount "54"]
[EventDate "1990.04.??"]
[Source "ChessBase"]

1. d4 Nf6 2. c4 g6 3. Nc3 d5 4. cxd5 Nxd5 5. Nf3 Bg7 6. Qb3 Nxc3 7. bxc3 c5 8. e3 O-O 9. Be2 Nd7 10. O-O Qc7 11. Ba3 b6 12. Rac1 e6 13. Nd2 Bb7 14. Bf3 Rfd8 15. Rfd1 Rac8 16. Qb1 Bxf3 17. Nxf3 Qc6 18. h3 Bf8 19. Qb3 Nf6 20. Bb2 cxd4 21. cxd4 Qb7 22. Qd3 Ne4 23. Nd2 Nxd2 24. Qxd2 Qd5 25. Rxc8 Rxc8 26. Bc3 Qc4 27. Rc1 Bb4 0-1

[Event "Belgique (championnat equipes)"]
[Site "?"]
[Date "2003.12.23"]
[Round "5"]
[White "Van der Burch Arie"]
[Black "Kocsis Le"]
[Result "1-0"]
[WhiteElo "2201"]
[BlackElo "2402"]
[PlyCount "105"]
[EventDate "2003.??.??"]
[Source "www.chesslib.no"]
[SourceDate "2004.05.04"]

1. d4 Nf6 2. c4 g6 3. Nc3 d5 4. cxd5 Nxd5 5. Nf3 Bg7 6. Qb3 Nb6 7. Bg5 h6 8. Bh4 O-O 9. Rd1 c6 10. e3 Be6 11. Qc2 Nd5 12. Be2 Qa5 13. a3 Re8 14. O-O Nd7 15. Bg3 N7b6 16. Ne4 Nd7 17. Ned2 N5b6 18. Rc1 Rac8 19. e4 Nf6 20. b4 Qa4 21. Qb2 Red8 22. Rc5 Nxe4 23. Nxe4 Qb3 24. Qxb3 Bxb3 25. Rc3 Bd5 26. Nc5 Bxf3 27. Bxf3 Bxd4 28. Rc2 Bxc5 29. bxc5 Nd5 30. h3 Rd7 31. Rb2 b5 32. cxb6 Nxb6 33. Rd1 Rxd1+ 34. Bxd1 c5 35. Be2 c4 36. Rc2 Rc5 37. Bf4 Ra5 38. Bc1 Ra4 39. Rc3 h5 40. f4 e6 41. Kf2 Kf8 42. Be3 Ke7 43. Bxb6 axb6 44. Bxc4 Ra5 45. Rb3 Ra4 46. Rc3 Ra5 47. Ke3 Kd6 48. Be2 e5 49. Bf3 exf4+ 50. Kxf4 Rf5+ 51. Ke3 Re5+ 52. Kd4 Ra5 53. Kc4 1-0

[Event "Imperia Open"]
[Site "Imperia"]
[Date "1989.??.??"]
[Round "?"]
[White "Blasco, Domenico"]
[Black "Dragojlovic, Andjelko"]
[Result "0-1"]
[WhiteElo "2285"]
[BlackElo "2315"]
[PlyCount "68"]
[EventDate "1989.??.??"]
[Source "www.chesslib.no"]
[SourceDate "2004.05.04"]

1. d4 Nf6 2. c4 g6 3. Nc3 d5 4. cxd5 Nxd5 5. Nf3 Bg7 6. Qb3 Nxc3 7. bxc3 O-O 8. g3 c5 9. e3 Nc6 10. Bg2 cxd4 11. cxd4 e5 12. O-O exd4 13. exd4 Na5 14. Qb4 Nc6 15. Qb3 b6 16. Ba3 Na5 17. Qd1 Re8 18. Rc1 Bb7 19. Qd3 Be4 20. Qc3 Qd5 21. Rfe1 Rad8 22. Qe3 h6 23. Qc3 Qb7 24. Re3 Rc8 25. Rxe4 Red8 26. Qd3 Nc4 27. Rxc4 Rxc4 28. Qxc4 Qxe4 29. Ne5 Qe1+ 30. Bf1 Bxe5 31. dxe5 Rd2 32. Qc8+ Kh7 33. Qh3 Qxf2+ 34. Kh1 Rd1 0-1

[Event "BEL-chT9899"]
[Site "Antwerp"]
[Date "1998.12.06"]
[Round "4"]
[White "Meessen, Rudolf"]
[Black "Meulders, Richard"]
[Result "1/2-1/2"]
[WhiteElo "2320"]
[BlackElo "2275"]
[PlyCount "66"]
[EventDate "1998.10.??"]
[Source "www.chesslib.no"]
[SourceDate "2004.05.04"]

1. d4 Nf6 2. c4 g6 3. Nc3 d5 4. Nf3 e6 5. Bg5 h6 6. Bh4 g5 7. Bg3 dxc4 8. e4 b5 9. e5 Nd5 10. Be2 Bb4 11. Rc1 Nxc3 12. bxc3 Ba3 13. Nd2 h5 14. h4 g4 15. Ne4 Be7 16. Bf4 Nd7 17. Bg5 f6 18. exf6 Nxf6 19. Qc2 Nxe4 20. Qxe4 Kd7 21. Bf4 Ba6 22. g3 Qf8 23. O-O Qf5 24. Qe3 Raf8 25. d5 Bc8 26. Qxa7 Ke8 27. Qxc7 exd5 28. Qc6+ Bd7 29. Qb7 Qe6 30. Rce1 Qc6 31. Qxc6 Bxc6 32. f3 Rxf4 33. gxf4 Bxh4 1/2-1/2

[Event "Skei"]
[Site "Skei"]
[Date "1994.??.??"]
[Round "1"]
[White "Lyrberg, Patrik"]
[Black "Stokstad, Petter G"]
[Result "1-0"]
[WhiteElo "2415"]
[BlackElo "2180"]
[PlyCount "69"]
[EventDate "1994.??.??"]
[Source "ChessBase"]

1. d4 d5 2. Nf3 Nf6 3. Bf4 c5 4. c3 cxd4 5. cxd4 Nc6 6. Nc3 g6 7. e3 Bg7 8. Be2 O-O 9. h3 Bf5 10. O-O Rc8 11. Ne5 Ne4 12. Nxe4 Nxe5 13. Ng3 Bc2 14. Qd2 Nd7 15. Rfc1 Ba4 16. Rxc8 Qxc8 17. Qb4 e5 18. Bxe5 Nxe5 19. Qxa4 Nc4 20. Bxc4 Qxc4 21. Qxc4 dxc4 22. Ne4 b5 23. a4 Rb8 24. axb5 Rxb5 25. Rxa7 Rxb2 26. g4 f5 27. gxf5 gxf5 28. Ra8+ Bf8 29. Ng5 c3 30. Rc8 c2 31. Kg2 f4 32. Kf3 fxe3 33. fxe3 Rb5 34. Ne6 Rc5 35. Rxf8# 1-0

[Event "France (championnat N2)"]
[Site "?"]
[Date "2004.03.14"]
[Round "9"]
[White "Passager Jean Pierre"]
[Black "Gerard Nicolas"]
[Result "1-0"]
[WhiteElo "2251"]
[BlackElo "2296"]
[PlyCount "81"]
[EventDate "2004.??.??"]
[Source "www.chesslib.no"]
[SourceDate "2004.05.04"]

1. d4 Nf6 2. c4 g6 3. Nc3 d5 4. cxd5 Nxd5 5. Nf3 Bg7 6. Bd2 Nb6 7. Rc1 Nc6 8. e3 O-O 9. Bb5 Bd7 10. O-O a6 11. Be2 Bc8 12. Ne4 Qd5 13. Nc5 Qxa2 14. b3 Be6 15. Ne1 Nxd4 16. exd4 Bxd4 17. Nxe6 fxe6 18. Rxc7 Rad8 19. Nf3 Nd5 20. Qc2 Qxc2 21. Rxc2 Bg7 22. Ng5 Rd6 23. Bg4 Bf6 24. Bxe6+ Kg7 25. Bxd5 Bxg5 26. Bxg5 Rxd5 27. Bxe7 Rf7 28. Re1 a5 29. Rc5 Rdf5 30. f3 g5 31. Ree5 Rxe5 32. Rxe5 h6 33. Bd8 g4 34. Re7 Rxe7 35. Bxe7 gxf3 36. gxf3 b5 37. Kf2 Kf7 38. Ba3 Ke6 39. Ke3 a4 40. bxa4 bxa4 41. Ke4 1-0

[Event "CSR Team Ch"]
[Site "Czekhoslovakia"]
[Date "1992.??.??"]
[Round "?"]
[White "Chloupek, Stanislav"]
[Black "Muron, Miroslav"]
[Result "1/2-1/2"]
[WhiteElo "2300"]
[BlackElo "2245"]
[PlyCount "28"]
[EventDate "1992.??.??"]
[Source "www.chesslib.no"]
[SourceDate "2004.05.04"]

1. d4 Nf6 2. Nf3 d5 3. c4 c6 4. cxd5 cxd5 5. Nc3 Nc6 6. Bf4 g6 7. e3 Bg7 8. Bd3 O-O 9. Ne5 Nd7 10. Nxd7 Qxd7 11. O-O b6 12. Rc1 Bb7 13. Qd2 Rfd8 14. Rfd1 Rac8 1/2-1/2

[Event "CRO-chT2"]
[Site "Medulin"]
[Date "1997.??.??"]
[Round "?"]
[White "Susnjar, Miroslav"]
[Black "Brnas, Augustin"]
[Result "1/2-1/2"]
[WhiteElo "2245"]
[BlackElo "2300"]
[PlyCount "55"]
[EventDate "1997.??.??"]
[Source "www.chesslib.no"]
[SourceDate "2004.05.04"]

1. d4 Nf6 2. c4 g6 3. Nc3 d5 4. cxd5 Nxd5 5. Nf3 Bg7 6. g3 c5 7. Bg2 Nc6 8. e3 O-O 9. O-O cxd4 10. Nxd5 Qxd5 11. Nxd4 Qc5 12. Nxc6 bxc6 13. Qa4 Bb7 14. Bd2 Qb6 15. Ba5 Qa6 16. Rfc1 c5 17. Bxb7 Qxb7 18. Rxc5 Qxb2 19. Rac1 Qe2 20. Bc7 Rfc8 21. Qc4 Qf3 22. Qf1 Bb2 23. R1c2 Ba3 24. R5c3 Bb4 25. Rc4 a5 26. Qe2 Qxe2 27. Rxe2 Ra7 28. Rec2 1/2-1/2